Advanced calculus
Saved in:
| Main Authors: | , |
|---|---|
| Format: | Book |
| Language: | English |
| Published: |
Reading ; Massachusetts :
Addison-Wesley Pub. Co.,
[1968]
|
| Series: | Addison-Wesley series in mathematics
|
| Subjects: | |
| Tags: |
Add Tag
No Tags, Be the first to tag this record!
|
MARC
| LEADER | 00000cam a2200000 a 4500 | ||
|---|---|---|---|
| 001 | 1/106283 | ||
| 008 | 150511s1968####us | ||| |||| ||eng|| | ||
| 040 | |a GR-MyUa |b gre |c GR-MyUa |e AACR2 | ||
| 041 | 0 | |a eng | |
| 082 | 7 | |a 515 |2 (23) | |
| 100 | 1 | |a Loomis, Lynn H., |d 1915-1994. | |
| 245 | 1 | 0 | |a Advanced calculus / |c Lynn H. Loomis and Shlomo Sternberg. |
| 260 | |a Reading ; Massachusetts : |b Addison-Wesley Pub. Co., |c [1968] | ||
| 300 | |a 580 σ. : |b σχέδια ; |c 24 εκ. | ||
| 490 | 1 | |a (Addison-Wesley series in mathematics) | |
| 504 | |a Περιλαμβάνει ευρετήριο. | ||
| 650 | 0 | |a Calculus. | |
| 700 | 1 | |a Sternberg, Shlomo, |e aut | |
| 830 | 0 | |a Addison-Wesley series in mathematics | |
| 852 | |a INST |b SAMOS |c MAG |e 20150511 |h 515 LYN |p 005300035608 |q 005300035608 |t BK |y 0 | ||
| 970 | |a Σιτζίμη |b Γιασεμή |z 2015/05/11 | ||